| 000 | 00310 a2200133 4500 | ||
|---|---|---|---|
| 001 | 38754 | ||
| 082 | _a920 HEA | ||
| 090 |
_c24574 _d24574 |
||
| 100 | _aMaycle Hert | ||
| 245 |
_a100 Azeem Adami _b100 _cMaycle Hert _hUrdu |
||
| 260 |
_aLahore _bTakhleqat _c1996 |
||
| 300 | _a527 | ||
| 600 | _aMuhammad Asim Butt | ||
| 942 |
_aNUST-CAE _k920 HEA |
||
| 999 |
_c273827 _d273827 |
||